Communes du Val-de-Marne (94) de plus de 10000 habitants - Statistiques

Statistiques générales
  • Ce quiz a été pris 99 fois
  • Le résultat moyen est 20 sur 40
Statistiques - réponses
Habitants Communes % Correct
92859 (préfecture) Créteil
96%
78367 Champigny-sur-Marne
82%
95282 Vitry-sur-Seine
81%
64526 Ivry-sur-Seine
79%
48368 Vincennes
74%
76010 Saint-Maur-des-Fossés
68%
24488 Orly
63%
58142 Villejuif
63%
32998 Nogent-sur-Marne
60%
45569 Alfortville
58%
52646 Fontenay-sous-Bois
58%
30526 Cachan
54%
28756 Charenton-le-Pont
54%
46122 Choisy-le-Roi
53%
20784 Joinville-le-Pont
51%
32006 Thiais
51%
23678 Le Kremlin-Bicêtre
49%
57422 Maisons-Alfort
49%
36170 Villeneuve-Saint-Georges
49%
21868 Arcueil
47%
31338 L'Haÿ-les-Roses
47%
34654 Le Perreux-sur-Marne
46%
27593 Sucy-en-Brie
46%
21223 Saint-Mandé
44%
18883 Gentilly
43%
18340 Bonneuil-sur-Marne
40%
29298 Fresnes
40%
32547 Villiers-sur-Marne
40%
20871 Villeneuve-le-Roi
39%
17335 Boissy-Saint-Léger
38%
18295 Chennevières-sur-Marne
36%
27806 Limeil-Brévannes
35%
14453 Valenton
35%
21096 Le Plessis-Trévise
33%
14411 Saint-Maurice
33%
18095 Bry-sur-Marne
32%
19813 Chevilly-Larue
32%
12074 La Queue-en-Brie
25%
10589 Ormesson-sur-Marne
24%
11650 Villecresnes
22%
Aucun quiz correspondant
Distribution des résultats
% des personnes avec chaque résultat
Percentile par nombre de réponses
Votre historique - résultats
Vous n’avez pas pris ce quiz